Statistics for Middle Eastern Countries Quiz

Click here to take the quiz!

General Stats

  • This quiz has been taken 69 times
  • The average score is 13 of 15

Answer Stats

Hint Answer % Correct
Iraq
97%
Iran
97%
Israel
95%
Yemen
94%
Oman
89%
Syria
88%
Jordan
88%
Saudi Arabia
88%
Turkey
86%
Egypt
85%
Kuwait
85%
United Arab Emirates
83%
Qatar
82%
Lebanon
80%
Cyprus
69%

Score Distribution

Percentile by Number Answered

Percent of People with Each Score

Your Score History

You have not taken this quiz